SKITZO - Travis Scott Lyrics - Statistics

General Stats
  • This quiz has been taken 103 times
  • The average score is 446 of 987
Answer Stats
Answer % Correct
a
97%
I
97%
me,
97%
me
97%
the
93%
The
93%
Be
89%
be
89%
can
89%
see
89%
See,
89%
it
86%
real
86%
can't
83%
they
82%
time
82%
go
80%
night
80%
night,
80%
so
80%
really
79%
last
78%
when
78%
to
74%
at
72%
move
72%
back
71%
back,
71%
had
70%
got
68%
Got
68%
ho
68%
ain't
66%
but
64%
But
64%
ran
64%
much
62%
no
62%
mine
61%
around
59%
he
59%
hid
59%
Hid
59%
of
59%
you
59%
You
59%
she
58%
She
58%
house,
57%
hide
55%
do
54%
Do
54%
like
54%
off
51%
off,
51%
I'm
50%
on
49%
that
49%
diamonds
47%
diamonds,
47%
now
47%
now,
47%
an
46%
in
46%
need,
45%
Need
45%
need
45%
Ye
45%
clothes
43%
her,
43%
her
43%
Her
43%
we
43%
is
42%
I's
42%
is?
42%
too
42%
Too
42%
with
42%
With
42%
some
39%
And
38%
and
38%
for
38%
my
38%
My
38%
right
37%
up,
36%
up
36%
Up
36%
beat
34%
Biden
34%
bitch,
34%
get
33%
Keep
32%
keep
32%
long
32%
long,
32%
there
32%
there?
32%
there,
32%
every
30%
Man,
30%
man,
30%
over
30%
what
30%
What
30%
out
29%
rich,
29%
was
29%
Alright,
28%
alright,
28%
alright
28%
bet
28%
gotta
28%
loyal,
28%
trampoline
28%
before
26%
deep
26%
hit
26%
O's
26%
Throw
26%
all,
25%
All
25%
all
25%
gold,
25%
gold
25%
Late
25%
love
25%
said
25%
said,
25%
shit
25%
than
25%
as
24%
as,
24%
Better
24%
better
24%
cut
24%
exposed,
24%
how
24%
How
24%
know
24%
one,
24%
Baby
22%
'em,
22%
'em
22%
it's
22%
money,
22%
Money
22%
this
22%
Without
22%
binary
21%
goin'
21%
ten
21%
took
21%
Took
21%
body
20%
from
20%
gon'
20%
here
20%
myself
20%
rush
20%
Told
20%
bounce
18%
closed
18%
curtains
18%
let
18%
married
18%
play
18%
Shakespeare
18%
squad,
18%
talk,
18%
talk
18%
thought
18%
Yeah,
18%
yeah,
18%
Coco
17%
code,
17%
could
17%
doze
17%
odds,
17%
stick
17%
that's
17%
That's
17%
Tryna
17%
tryna
17%
behind
16%
Bling-bling,
16%
Chanel
16%
hair
16%
Hair
16%
white
16%
advisin',
14%
clear
14%
dropped
14%
ear?
14%
goes
14%
Rollie
14%
swag,
14%
take
14%
true
14%
Way
14%
way
14%
why
14%
Why
14%
away
13%
door,
13%
door
13%
friendship
13%
guess
13%
I'd
13%
Just
13%
just
13%
pen
13%
pin
13%
rose
13%
smoke,
13%
smoke
13%
thanks
13%
two
13%
vision
13%
vision,
13%
your
13%
Against
12%
A.M.,
12%
big
12%
did
12%
don't
12%
Frank
12%
heat
12%
jumpin'
12%
or
12%
plenty
12%
Rolls
12%
stay
12%
tweakin'
12%
work
12%
boat
11%
boat,
11%
both
11%
bros
11%
endin'
11%
even
11%
Find
11%
gym
11%
home,
11%
not
11%
Patek
11%
Pinterest
11%
'round
11%
Thanksgiving,
11%
'til
11%
top
11%
top,
11%
alarm
9%
bedroom
9%
beefin'
9%
broke
9%
brought
9%
clock
9%
down
9%
enticin'
9%
expensive
9%
human
9%
ice
9%
If
9%
I'ma
9%
Jordans
9%
life?
9%
lose
9%
made
9%
many
9%
may
9%
niggas
9%
rage
9%
ratchet,
9%
rim
9%
Royce,
9%
setup,
9%
teeth
9%
tell
9%
these
9%
thinkin'
9%
Titanic
9%
vegan,
9%
been
8%
Cabo,
8%
Eminem
8%
extended
8%
folk
8%
health
8%
hope
8%
hurt
8%
Jamaican
8%
JH,
8%
kid
8%
Let's
8%
let's
8%
Lift
8%
list,
8%
never
8%
richer
8%
rock
8%
Seen
8%
Tall,
8%
toes
8%
truck,
8%
typin'
8%
watch
8%
wealth
8%
weekend
8%
6
7%
Bouncing
7%
braids
7%
burn
7%
chimney
7%
Crazy
7%
dawg
7%
Dawg,
7%
dogs
7%
extensions
7%
finished,
7%
fresher
7%
leg
7%
love's
7%
mannequin
7%
plain
7%
soul
7%
trees
7%
type
7%
adios
5%
background,
5%
bag,
5%
balance
5%
Chrome
5%
closet
5%
devil,
5%
flaws,
5%
generate
5%
Gibbins
5%
girl,
5%
Heart
5%
high
5%
hold
5%
hot
5%
ike
5%
Knowin'
5%
lonestar
5%
office,
5%
ol'
5%
overbitin'?
5%
Phillipe
5%
Princess
5%
Put
5%
rims
5%
runnin'
5%
scope
5%
Tennessee
5%
Trident
5%
vice,
5%
want
5%
yet
5%
always
4%
cuts,
4%
hard,
4%
hittin'
4%
huh
4%
lights
4%
lookin',
4%
lows
4%
plays
4%
pop
4%
postcode
4%
sleepin'
4%
Spade
4%
stainless
4%
suck,
4%
Turks
4%
watchin'
4%
Ace
3%
backyard,
3%
bags
3%
bookie
3%
brodie
3%
come
3%
freed
3%
kennel,
3%
kept
3%
lead
3%
non-stop,
3%
one-sided
3%
palms
3%
Peep
3%
pendant
3%
poppin'
3%
precinct
3%
road,
3%
send
3%
somebody
3%
above
1%
downs
1%
finally
1%
flows
1%
gettin'
1%
head
1%
lean
1%
overlooked
1%
pack?
1%
Pure
1%
safe?
1%
steal,
1%
torsos
1%
whole
1%
answers
0%
apart
0%
came
0%
droptop
0%
found
0%
progressin',
0%
roads
0%
session,
0%
No matching quizzes found
Score Distribution
Percent of People with Each Score
Percentile by Number Answered
Your Score History
You have not taken this quiz